[Event "Czech Chess Christmas 2016"]
[Site "?"]
[Date "2016.12.27"]
[Round "?"]
[White "Plat, Vojtech"]
[Black "Swicarz, Maciej"]
[Result "1-0"]
[WhiteElo "2532"]
[BlackElo "2300"]
[PlyCount "141"]

1. d4 f5 2. e4 fxe4 3. Nc3 Nf6 4. Bg5 d6 5. Qe2 c6 6. Nxe4 Nxe4 7. Qxe4 Qa5+ 8.
Bd2 Qf5 9. Bd3 Qxe4+ 10. Bxe4 Bg4 11. Ne2 Nd7 12. f3 Be6 13. O-O g6 14. Nf4 Bc4
15. Rfe1 Bg7 16. c3 e5 17. dxe5 Nxe5 18. b3 Bf7 19. Rad1 d5 20. Bxd5 cxd5 21.
Nd3 O-O 22. Nxe5 Bxe5 23. Rxe5 Rfe8 24. Rxe8+ Rxe8 25. Kf2 a6 26. Be3 Rc8 27.
Bd4 Re8 28. a4 Re6 29. h4 Re8 30. g4 Kf8 31. Kg3 Re2 32. Kf4 Be6 33. Rd3 Kf7
34. Re3 Rxe3 35. Kxe3 Bd7 36. Kf4 Ke6 37. Kg5 Kf7 38. h5 Be8 39. f4 Bd7 40.
hxg6+ hxg6 41. f5 gxf5 42. gxf5 Be8 43. Bc5 Kg7 44. f6+ Kf7 45. Kf5 Bd7+ 46.
Ke5 Bg4 47. a5 Bd1 48. b4 Bb3 49. Bd4 Ba2 50. Kd6 Bc4 51. Be5 Bb3 52. Kc7 Bc4
53. Kxb7 Ke6 54. Kc6 Bb5+ 55. Kc5 Bf1 56. Bd4 Bc4 57. Be5 Bf1 58. Kd4 Bb5 59.
Ke3 Bc4 60. Kf4 Bb5 61. Bd4 Bd3 62. Kg5 Kf7 63. Kg4 Ke6 64. Kf4 Bb5 65. Kg5 Be8
66. Bc5 Kf7 67. Kf5 Bb5 68. Ke5 Bc4 69. Bd4 Bb3 70. b5 axb5 71. a6 1-0

[Event "Czech Chess Christmas 2016"]
[Site "?"]
[Date "2016.12.29"]
[Round "?"]
[White "Cerveny, Petr"]
[Black "Starostits, Ilmars"]
[Result "1/2-1/2"]
[WhiteElo "2300"]
[BlackElo "2413"]
[PlyCount "222"]
[SourceDate "2016.12.29"]

1. e4 c5 2. Nf3 d6 3. Bb5+ Nc6 4. O-O a6 5. Bxc6+ bxc6 6. Re1 e5 7. c3 g5 8. d4
g4 9. Nfd2 Be6 10. dxe5 dxe5 11. Qa4 Qc7 12. Nc4 f6 13. Be3 h5 14. Nbd2 Qb7 15.
Qa5 Rh7 16. Bxc5 Qb5 17. Bxf8 Kxf8 18. Qa3+ c5 19. Ne3 Ne7 20. Nb3 Rc8 21. Rad1
Qc6 22. c4 Qb6 23. Nd5 Nxd5 24. cxd5 Bg8 25. Rc1 Rhc7 26. Rxc5 Rxc5 27. Rc1 f5
28. Rxc5 Rxc5 29. Nxc5 Qd6 30. exf5 Bxd5 31. Nxa6 Qxa3 32. bxa3 Ke7 33. a4 Be4
34. a5 Bxf5 35. Nc5 Kd6 36. Nb3 Bd3 37. f3 gxf3 38. gxf3 Kc6 39. Kf2 Bb1 40. a3
Kb5 41. Ke3 h4 42. a6 Kxa6 43. Nc5+ Kb5 44. Nd7 Ka4 45. Nxe5 Kxa3 46. f4 Kb4
47. Nf3 Kc5 48. Nxh4 Kd5 49. Nf3 Ke6 50. Nd4+ Kf6 51. Kf3 Bd3 52. Kg4 Ba6 53.
Nc2 Bc8+ 54. Kg3 Bd7 55. Ne3 Bc8 56. Nd5+ Kf7 57. Kh4 Bb7 58. Nc7 Kf6 59. Kg4
Bc8+ 60. Kf3 Bd7 61. Nd5+ Kf5 62. Ne3+ Kf6 63. Ke4 Bc6+ 64. Kd4 Bb7 65. Kd3
Ba6+ 66. Kd2 Bb7 67. Ke2 Bc6 68. Kf2 Bb7 69. Kg3 Bc8 70. h3 Bd7 71. Nf1 Kf5 72.
Kf3 Kf6 73. h4 Bc6+ 74. Kg3 Kg6 75. Ne3 Bd7 76. Ng4 Be6 77. Ne5+ Kh6 78. Nc6
Kg6 79. Nd4 Bd7 80. Ne2 Be6 81. Kf3 Kh5 82. Nd4 Bd7 83. Kg3 Kg6 84. Nf3 Be6 85.
Ng5 Bd7 86. Ne4 Bc8 87. Nc5 Bf5 88. Nb7 Bc8 89. Nd6 Bd7 90. Nc4 Be6 91. Ne5+
Kh6 92. Nc6 Kg6 93. Nd4 Bd7 94. Kf3 Kh5 95. f5 Kxh4 96. f6 Be8 97. Kf4 Kh5 98.
Kf5 Bf7 99. Nc6 Kh6 100. Ke5 Kh7 101. Kd6 Kg6 102. Ke7 Bg8 103. Nd4 Kg5 104.
Nc6 Kf5 105. Nb8 Ba2 106. Nd7 Bb3 107. Kf8 Ke6 108. Ke8 Ba4 109. f7 Bxd7+ 110.
Kf8 Kf6 111. Kg8 Be6 1/2-1/2

[Event "Czech Chess Christmas 2016"]
[Site "?"]
[Date "2016.12.29"]
[Round "?"]
[White "Pribylova, Sofie"]
[Black "Malik, Jan"]
[Result "0-1"]
[WhiteElo "2009"]
[BlackElo "2320"]
[PlyCount "80"]

1. d4 d5 2. c4 e6 3. Nc3 c6 4. Bf4 dxc4 5. a4 Bb4 6. e3 Qa5 7. Qc1 Nf6 8. Bxc4
Nd5 9. Bxd5 exd5 10. Nge2 O-O 11. Qc2 Nd7 12. O-O Nf6 13. Na2 Be7 14. Bg5 Bg4
15. Bxf6 Bxf6 16. b4 Qd8 17. Nac3 Rc8 18. Qb3 Re8 19. Rac1 Be7 20. Ng3 Bd6 21.
b5 Re6 22. bxc6 bxc6 23. Rfe1 Rh6 24. Nf1 Bxh2+ 25. Nxh2 Qh4 26. f3 Qxh2+ 27.
Kf2 Rb8 28. Qc2 Rf6 29. f4 Bh3 30. Rg1 Rxf4+ 31. exf4 Qxf4+ 32. Ke1 Re8+ 33.
Ne2 Bg4 34. Kd1 Qxd4+ 35. Qd2 Bxe2+ 36. Kc2 Qxa4+ 37. Kc3 Qc4+ 38. Kb2 Rb8+ 39.
Ka1 Qa4+ 40. Qa2 Qd4+ 0-1

[Event "Czech Chess Christmas 2016"]
[Site "?"]
[Date "2016.12.29"]
[Round "?"]
[White "Sernecki, Franciszek"]
[Black "Pulpan, Jakub"]
[Result "0-1"]
[WhiteElo "2058"]
[BlackElo "2401"]
[PlyCount "168"]

1. d4 Nf6 2. Nf3 e6 3. e3 b6 4. Bd3 Bb7 5. O-O d5 6. c4 Bd6 7. b3 Nbd7 8. Bb2
O-O 9. Nbd2 Qe7 10. Ne5 Ne4 11. f4 c5 12. Nxe4 dxe4 13. Be2 Rad8 14. Qc2 cxd4
15. exd4 Nxe5 16. fxe5 Ba3 17. Bc3 Bb4 18. Bb2 Qg5 19. Rad1 Bd2 20. Kh1 e3 21.
Rg1 f6 22. Bf3 Bxf3 23. gxf3 Qh5 24. Qe4 fxe5 25. d5 Qxf3+ 26. Qxf3 Rxf3 27.
dxe6 Re8 28. Bxe5 g6 29. Bg3 Rxe6 30. Be1 Rd6 31. Kg2 Rf5 32. Bxd2 e2 33. Ra1
Rxd2 34. Rge1 Rf1 35. Rxe2 Rxe2+ 36. Kxf1 Rxh2 37. Kg1 Rb2 38. Rd1 Rxa2 39. Rd7
Rb2 40. Rxa7 Rxb3 41. Rb7 Rc3 42. Rxb6 Rxc4 43. Rb7 Rf4 44. Kg2 h5 45. Kg3 Rf7
46. Rb8+ Kg7 47. Ra8 Rb7 48. Ra5 Kh6 49. Ra6 Rb4 50. Rc6 h4+ 51. Kf3 Kh5 52.
Rc8 Rb3+ 53. Kg2 g5 54. Kh2 Rb2+ 55. Kg1 h3 56. Rh8+ Kg4 57. Rd8 Kh4 58. Rd4+
g4 59. Rc4 Rg2+ 60. Kh1 Rf2 61. Kg1 Rg2+ 62. Kh1 Re2 63. Kg1 Kg3 64. Rc3+ Kf4
65. Rc8 Kf3 66. Rf8+ Kg3 67. Rf1 Kh4 68. Rf4 Kg5 69. Rf8 g3 70. Rg8+ Kf4 71.
Rf8+ Ke3 72. Re8+ Kd3 73. Rd8+ Kc4 74. Rc8+ Kd5 75. Rd8+ Kc6 76. Rd1 Kc5 77.
Kh1 Kc4 78. Ra1 Kd4 79. Kg1 Ke4 80. Rb1 Kf3 81. Rc1 Re4 82. Kh1 Kg4 83. Rf1 g2+
84. Kh2 gxf1=N+ 0-1

[Event "Czech Chess Christmas 2016"]
[Site "?"]
[Date "2016.12.29"]
[Round "?"]
[White "Paul, Johannes"]
[Black "Richterova, Natasa"]
[Result "1-0"]
[WhiteElo "2319"]
[BlackElo "2199"]
[PlyCount "75"]

1. c4 e5 2. g3 Nf6 3. Bg2 Nc6 4. Nc3 Bb4 5. Nd5 Nxd5 6. cxd5 Ne7 7. Nf3 Ng6 8.
h4 f6 9. Qb3 Bc5 10. d3 c6 11. O-O Qb6 12. Nd2 Qxb3 13. Nxb3 Bb6 14. a4 Ne7 15.
a5 Bd8 16. e4 cxd5 17. exd5 d6 18. Bd2 Bf5 19. d4 Bc2 20. Ra3 Bd3 21. Re1 Bc4
22. dxe5 fxe5 23. f4 Bxd5 24. fxe5 dxe5 25. Bxd5 Nxd5 26. Rxe5+ Ne7 27. Bb4 Kf7
28. Nd4 Ng6 29. Rb5 b6 30. h5 Ne7 31. Rf3+ Ke8 32. Re3 Kf7 33. Rf3+ Ke8 34. Re5
Kd7 35. Rf7 Re8 36. Nf5 bxa5 37. Bxe7 Bb6+ 38. Bc5+ 1-0

[Event "Czech Chess Christmas 2016"]
[Site "?"]
[Date "2016.12.29"]
[Round "?"]
[White "Neuman, Petr"]
[Black "Schaefer, Reyk"]
[Result "1-0"]
[WhiteElo "2420"]
[BlackElo "2147"]
[PlyCount "55"]

1. c4 e5 2. Nc3 Nf6 3. e3 c6 4. Nf3 e4 5. Nd4 d5 6. cxd5 cxd5 7. d3 exd3 8.
Bxd3 Nc6 9. Nxc6 bxc6 10. O-O Bd6 11. h3 O-O 12. e4 h6 13. Qf3 Rb8 14. Rd1 d4
15. Na4 Nd7 16. Bf4 Qc7 17. Bxd6 Qxd6 18. Rac1 c5 19. b3 Bb7 20. Qg3 Qe7 21.
Re1 Bc6 22. Nb2 a5 23. e5 a4 24. e6 fxe6 25. Bc4 Qg5 26. Rxe6 Qxc1+ 27. Re1+
Qxc4 28. Nxc4 1-0

[Event "Czech Chess Christmas 2016"]
[Site "?"]
[Date "2016.12.29"]
[Round "?"]
[White "Cerveny, Martin"]
[Black "Plat, Vojtech"]
[Result "1/2-1/2"]
[WhiteElo "2395"]
[BlackElo "2532"]
[PlyCount "74"]

1. d4 f5 2. Nf3 Nf6 3. g3 g6 4. Bg2 Bg7 5. c4 O-O 6. O-O d6 7. Nc3 Qe8 8. b3 e5
9. dxe5 dxe5 10. Ba3 Rf7 11. e4 Nc6 12. Re1 f4 13. h3 fxg3 14. fxg3 Nh5 15. Kh2
Nd4 16. Rf1 c6 17. Qd3 Nxf3+ 18. Rxf3 Rxf3 19. Bxf3 Be6 20. Rd1 g5 21. Qe3 h6
22. Ne2 g4 23. Bxg4 Bxg4 24. hxg4 Nf6 25. Qf3 Qg6 26. Be7 Nxg4+ 27. Kh3 h5 28.
Kh4 Qe6 29. Rd8+ Rxd8 30. Bxd8 Ne3 31. g4 Nxg4 32. Ng3 Qf7 33. Qxf7+ Kxf7 34.
Kxh5 Nf2 35. Bg5 Nd3 36. Bd2 Bf8 37. Kg4 Ke6 1/2-1/2

[Event "Czech Chess Christmas 2016"]
[Site "?"]
[Date "2016.12.29"]
[Round "?"]
[White "Hollan, Petr"]
[Black "Dzikowski, Michal"]
[Result "1-0"]
[WhiteElo "2313"]
[BlackElo "2090"]
[PlyCount "99"]

1. d4 Nf6 2. c4 Nc6 3. Nf3 e6 4. Nc3 Bb4 5. Bd2 d6 6. d5 Bxc3 7. Bxc3 Nb8 8.
dxe6 fxe6 9. g3 O-O 10. Bg2 e5 11. O-O a5 12. c5 Nc6 13. Qb3+ Kh8 14. Rad1 Qe7
15. cxd6 cxd6 16. Qa3 Rd8 17. Ng5 h6 18. Ne4 Ne8 19. Nd2 Bg4 20. Rde1 a4 21. f4
Nc7 22. Bxc6 bxc6 23. fxe5 Nb5 24. Qb4 Nxc3 25. Qxc3 Bh3 26. exd6 Rxd6 27. Rf3
Rad8 28. Nc4 Rd1 29. Kf2 Bg4 30. Ne5 Qa7+ 31. Qe3 Qxe3+ 32. Rxe3 Rf8+ 33. Rf3
Bxf3 34. Ng6+ Kg8 35. Rxd1 Rf6 36. exf3 Rxg6 37. Rd4 a3 38. b3 Rg5 39. Ra4 Rc5
40. Rxa3 Rc2+ 41. Kg1 Kf7 42. Ra4 Ke6 43. Rc4 Rxa2 44. Rxc6+ Kd5 45. Rc7 g5 46.
Rh7 Kd4 47. Rxh6 Ke3 48. Rg6 Rb2 49. Rxg5 Rxb3 50. Kg2 1-0

[Event "Czech Chess Christmas 2016"]
[Site "?"]
[Date "2016.12.29"]
[Round "?"]
[White "Kraus, Tomas"]
[Black "Vuelban, Virgilio"]
[Result "1-0"]
[WhiteElo "2403"]
[BlackElo "2298"]
[PlyCount "75"]

1. e4 c5 2. Nf3 e6 3. d4 cxd4 4. Nxd4 Nf6 5. Nc3 d6 6. g4 a6 7. g5 Nfd7 8. h4
Be7 9. Be3 b5 10. a3 Bb7 11. Qd2 Nc6 12. O-O-O O-O 13. Nxc6 Bxc6 14. h5 Nc5 15.
f3 Qe8 16. b4 Nd7 17. f4 a5 18. Bxb5 Bxb5 19. Nxb5 Nc5 20. Nxd6 Qa4 21. Bxc5
Qxa3+ 22. Kb1 axb4 23. Qd4 Bxd6 24. Bxd6 Qa2+ 25. Kc1 b3 26. Kd2 Rfc8 27. h6 f6
28. gxf6 Kf7 29. hxg7 Rxc2+ 30. Ke3 Rh2 31. Rxh2 Qxh2 32. Qb4 Qg3+ 33. Kd4 Ra7
34. Bc7 Qf2+ 35. Ke5 Ra8 36. Qf8+ Rxf8 37. gxf8=Q+ Kxf8 38. Kxe6 1-0

[Event "Czech Chess Christmas 2016"]
[Site "?"]
[Date "2016.12.29"]
[Round "?"]
[White "Bradac, Roman"]
[Black "Chojnacki, Krzysztof"]
[Result "0-1"]
[WhiteElo "2034"]
[BlackElo "2368"]
[PlyCount "128"]
[SourceDate "2016.12.29"]

1. d4 Nf6 2. Nf3 g6 3. c4 Bg7 4. Nc3 O-O 5. Bf4 d6 6. e3 c6 7. Be2 a6 8. O-O b5
9. a3 Nbd7 10. h3 Bb7 11. Rc1 bxc4 12. Bxc4 c5 13. dxc5 Nxc5 14. b4 Nce4 15.
Nd5 Nxd5 16. Bxd5 Nc3 17. Rxc3 Bxd5 18. Rc1 Bb7 19. Qe2 Re8 20. Rfd1 Qb6 21. e4
Qb5 22. Qe3 Qa4 23. Rd3 Rec8 24. Rxc8+ Rxc8 25. e5 Bxf3 26. gxf3 dxe5 27. Bxe5
Bxe5 28. Qxe5 Qb5 29. Qxb5 axb5 30. Rd7 Rc3 31. Kg2 Rxa3 32. Rb7 Kg7 33. Rxb5
Rb3 34. Rb6 e6 35. Kg3 g5 36. Rb7 Kg6 37. b5 e5 38. Kg2 Kf6 39. Rb6+ Kg7 40.
Rb7 Kg6 41. b6 h5 42. Rb8 h4 43. Re8 Kf6 44. Rb8 Kf5 45. b7 Kf4 46. Rc8 Rxb7
47. Rc4+ Kf5 48. Ra4 f6 49. Rc4 Rb1 50. Ra4 Rb6 51. Rc4 Rb3 52. Ra4 Rd3 53. Rc4
Rd4 54. Rc3 Kf4 55. Rc6 f5 56. Rc3 g4 57. fxg4 fxg4 58. hxg4 Kxg4 59. Rf3 Rf4
60. Ra3 Kf5 61. f3 Rd4 62. Kh3 Kf4 63. Kxh4 Rd2 64. Kh3 Rf2 0-1

[Event "Czech Chess Christmas 2016"]
[Site "?"]
[Date "2016.12.29"]
[Round "?"]
[White "Malik, Jan"]
[Black "Kernazhitsky, Leonid"]
[Result "1-0"]
[WhiteElo "2320"]
[BlackElo "2295"]
[PlyCount "55"]

1. e4 c5 2. Nf3 Nc6 3. d4 cxd4 4. Nxd4 Qb6 5. Nb3 Nf6 6. Nc3 e6 7. Bd3 Be7 8.
Be3 Qc7 9. f4 d6 10. O-O a6 11. Qf3 O-O 12. Rae1 Nb4 13. Qg3 g6 14. f5 Nd7 15.
Nd4 Ne5 16. f6 Bd8 17. Qh3 Nexd3 18. cxd3 h5 19. Bh6 Qc5 20. Nce2 Nxd3 21. Qxd3
e5 22. Bxf8 Kxf8 23. Rc1 Qb6 24. Qe3 exd4 25. Qh6+ Ke8 26. Qh8+ Kd7 27. Qf8 d3+
28. Kh1 1-0

[Event "Czech Chess Christmas 2016"]
[Site "?"]
[Date "2016.12.29"]
[Round "?"]
[White "Koziol, Kamil"]
[Black "Nowak, Kamil"]
[Result "1/2-1/2"]
[WhiteElo "2172"]
[BlackElo "2301"]
[PlyCount "27"]

1. e4 e6 2. d4 d5 3. Nc3 dxe4 4. Nxe4 Bd7 5. Nf3 Bc6 6. Bd3 Nd7 7. Qe2 Ngf6 8.
O-O Be7 9. c3 Nxe4 10. Bxe4 Bxe4 11. Qxe4 c6 12. Bf4 O-O 13. Rfd1 Qa5 14. Ne5
1/2-1/2

[Event "Czech Chess Christmas 2016"]
[Site "?"]
[Date "2016.12.29"]
[Round "?"]
[White "Starostits, Ilmars"]
[Black "Cerveny, Martin"]
[Result "1/2-1/2"]
[WhiteElo "2413"]
[BlackElo "2395"]
[PlyCount "29"]

1. d4 d6 2. e4 Nf6 3. Nc3 e5 4. Nf3 Nbd7 5. Bc4 Be7 6. O-O O-O 7. a4 a5 8. Qe2
c6 9. Ba2 exd4 10. Nxd4 Nc5 11. Rd1 Qb6 12. h3 Re8 13. Qf3 Be6 14. Nxe6 fxe6
15. Be3 1/2-1/2

[Event "Czech Chess Christmas 2016"]
[Site "?"]
[Date "2016.12.29"]
[Round "?"]
[White "Pulpan, Jakub"]
[Black "Cerveny, Petr"]
[Result "1/2-1/2"]
[WhiteElo "2401"]
[BlackElo "2300"]
[PlyCount "53"]
[SourceDate "2016.12.29"]

1. e4 e6 2. d4 d5 3. Nc3 Nf6 4. Bg5 Be7 5. e5 Nfd7 6. h4 Nc6 7. Nf3 h6 8. Bxe7
Qxe7 9. h5 Nb6 10. Qd2 Bd7 11. Nd1 O-O 12. Ne3 f6 13. exf6 Qxf6 14. Bb5 Nxd4
15. Nxd4 Bxb5 16. Ng4 Qf4 17. f3 Bd7 18. Qxf4 Rxf4 19. O-O-O c5 20. Nb3 Rc8 21.
Ne5 Rf5 22. Ng6 Rf7 23. Rhe1 Nc4 24. Nd2 Nxd2 25. Rxd2 Re8 26. Ne5 Rfe7 27. Ng6
1/2-1/2

[Event "Czech Chess Christmas 2016"]
[Site "?"]
[Date "2016.12.29"]
[Round "?"]
[White "Plat, Vojtech"]
[Black "Paul, Johannes"]
[Result "1-0"]
[WhiteElo "2532"]
[BlackElo "2319"]
[PlyCount "91"]

1. d4 Nf6 2. c4 e6 3. g3 Bb4+ 4. Nd2 O-O 5. Bg2 d5 6. Qc2 b6 7. Ngf3 Bb7 8. Ne5
c5 9. dxc5 Bxc5 10. O-O Nbd7 11. Nd3 Be7 12. b3 Qc7 13. Bb2 Rac8 14. Rac1 b5
15. c5 a5 16. b4 axb4 17. Bxf6 Nxf6 18. Nb3 Ra8 19. c6 Bc8 20. Qd2 Ne4 21. Bxe4
dxe4 22. Nxb4 Ra4 23. Nc5 Ra3 24. Nxe4 Qe5 25. f3 f5 26. Nf2 Qe3 27. Qxe3 Rxe3
28. Nfd3 Rxe2 29. Rf2 Re3 30. c7 Kf7 31. Rd2 Bxb4 32. Nxb4 Rxf3 33. Rd8 Ra3 34.
Rcd1 Ra8 35. Nc6 Bb7 36. Rxf8+ Rxf8 37. Nd8+ Ke7 38. Nxb7 Rc8 39. Rc1 Kd7 40.
Nc5+ Kd6 41. Na6 e5 42. Rc5 f4 43. gxf4 exf4 44. Rxb5 Kc6 45. Rb8 Kd7 46. Kf2
1-0

[Event "Czech Chess Christmas 2016"]
[Site "?"]
[Date "2016.12.29"]
[Round "?"]
[White "Dowgird, Filip"]
[Black "Neuman, Petr"]
[Result "0-1"]
[WhiteElo "2227"]
[BlackElo "2420"]
[PlyCount "114"]
[SourceDate "2016.12.29"]

1. e4 c5 2. g3 Nc6 3. Bg2 g6 4. d3 Bg7 5. f4 d6 6. Nf3 e6 7. O-O Nge7 8. c3 O-O
9. Be3 f5 10. a4 b6 11. Na3 Rb8 12. exf5 gxf5 13. d4 Na5 14. Re1 h6 15. Bf2 Qd7
16. Ra2 Nac6 17. Nc4 Rd8 18. h3 Kh8 19. Ne3 Bb7 20. b3 cxd4 21. cxd4 Nb4 22.
Rae2 Be4 23. Rd2 Ned5 24. Nxd5 Nxd5 25. Nh4 Bxg2 26. Kxg2 Rbc8 27. Qf3 Rc3 28.
Rd3 Rdc8 29. Rxc3 Rxc3 30. Qe2 Qc6 31. Kg1 Nc7 32. d5 Qxd5 33. Qh5 Kg8 34. Rd1
Qc6 35. Qg6 Rc1 36. Rxc1 Qxc1+ 37. Kg2 Qc6+ 38. Nf3 Kf8 39. g4 fxg4 40. hxg4
Nd5 41. Kg3 Nf6 42. Kg2 Qe4 43. Qxe4 Nxe4 44. a5 Nxf2 45. axb6 axb6 46. Kxf2
Ke7 47. Ke3 d5 48. Ne1 Kf6 49. Nd3 Bf8 50. Kd4 Bd6 51. b4 Bb8 52. b5 Bc7 53. f5
exf5 54. gxf5 Kxf5 55. Kxd5 Bh2 56. Kc6 Bg1 57. Nb4 h5 0-1

[Event "Czech Chess Christmas 2016"]
[Site "?"]
[Date "2016.12.29"]
[Round "?"]
[White "Kraus, Tomas"]
[Black "Hollan, Petr"]
[Result "1-0"]
[WhiteElo "2403"]
[BlackElo "2313"]
[PlyCount "111"]

1. c4 Nf6 2. Nc3 e6 3. e4 d5 4. cxd5 exd5 5. e5 d4 6. exf6 dxc3 7. Bb5+ c6 8.
Qe2+ Be6 9. Bc4 Qxf6 10. dxc3 Bc5 11. Nf3 O-O 12. Bxe6 fxe6 13. O-O Na6 14. Bg5
Qg6 15. Bh4 Nc7 16. c4 Rae8 17. Ne5 Qh6 18. Bg3 Na6 19. Rad1 Qg5 20. a3 h5 21.
b4 h4 22. Nf3 Rxf3 23. Qxf3 hxg3 24. bxc5 gxh2+ 25. Kxh2 Nxc5 26. Rh1 Rf8 27.
Qe2 Rxf2 28. Rd8+ Qxd8 29. Qxf2 Qg5 30. Rf1 Ne4 31. Qf7+ Kh7 32. Qxe6 Qg3+ 33.
Kh1 Qh4+ 34. Kg1 Ng5 35. Qf5+ Kg8 36. Rd1 Nf7 37. Qc8+ Kh7 38. Qxb7 Ne5 39.
Qb1+ g6 40. Qb7+ Kh6 41. Qxa7 Ng4 42. Qd4 Qh2+ 43. Kf1 Qh1+ 44. Qg1 Qh4 45. Rd4
c5 46. Rxg4 Qxg4 47. Qxc5 Qd1+ 48. Kf2 Qd2+ 49. Kf3 Qd1+ 50. Kg3 Qe1+ 51. Qf2
Qc3+ 52. Qf3 Qe1+ 53. Kf4 Qe7 54. Qh3+ Kg7 55. Qc3+ Kh6 56. Qh8+ 1-0

[Event "Czech Chess Christmas 2016"]
[Site "?"]
[Date "2016.12.29"]
[Round "?"]
[White "Chojnacki, Krzysztof"]
[Black "Swicarz, Maciej"]
[Result "1-0"]
[WhiteElo "2368"]
[BlackElo "2300"]
[PlyCount "113"]

1. d4 f5 2. Nc3 d5 3. Bf4 e6 4. e3 Nf6 5. Nb5 Na6 6. c4 Bb4+ 7. Nc3 c5 8. a3
Bxc3+ 9. bxc3 Qa5 10. Qb3 O-O 11. Nf3 Bd7 12. Be2 Ne4 13. Rc1 b5 14. cxb5 c4
15. Qb2 Bxb5 16. O-O Rf7 17. Ne5 Rb7 18. f3 Nd6 19. Qd2 Ba4 20. Nc6 Bxc6 21.
Bxd6 Qd8 22. Be5 Ba4 23. e4 Nc7 24. Qf4 Qd7 25. g4 fxe4 26. fxe4 Nb5 27. g5 Qe7
28. Bh5 Rf8 29. Qg3 Rxf1+ 30. Rxf1 Bc2 31. exd5 exd5 32. Qg4 Nd6 33. Bxd6 Qe3+
34. Kg2 Be4+ 35. Rf3 Bxf3+ 36. Qxf3 Qxg5+ 37. Kh3 h6 38. Bg4 Kh7 39. Bf5+ g6
40. Be6 h5 41. Be5 Qe7 42. Bxd5 Rb3 43. Bxc4 Qd7+ 44. Kg3 Rxa3 45. Be6 Qe7 46.
h4 a5 47. d5 Ra4 48. Qf6 Qxf6 49. Bxf6 Re4 50. Bg5 a4 51. d6 Rxe6 52. d7 Rd6
53. d8=Q Rxd8 54. Bxd8 a3 55. Bf6 Kg8 56. Kf4 Kf7 57. Kg5 1-0

[Event "Czech Chess Christmas 2016"]
[Site "?"]
[Date "2016.12.29"]
[Round "?"]
[White "Vuelban, Virgilio"]
[Black "Pekar, Vaclav"]
[Result "1-0"]
[WhiteElo "2298"]
[BlackElo "2170"]
[PlyCount "119"]

1. Nf3 c5 2. e4 g6 3. d4 cxd4 4. Nxd4 Bg7 5. c4 Qb6 6. Nb3 Nc6 7. Nc3 Nf6 8.
Be3 Qc7 9. Be2 d6 10. Rc1 Qb8 11. Qd2 O-O 12. Bh6 Be6 13. h4 Ne5 14. Bxg7 Kxg7
15. Nd4 Bxc4 16. f4 Bxe2 17. fxe5 dxe5 18. Ndxe2 Rd8 19. Qe3 Qd6 20. O-O h5 21.
Qf3 Qe6 22. b3 Rd2 23. Rcd1 Rad8 24. Kh1 Qa6 25. Rxd2 Rxd2 26. Nc1 Qe6 27. Nd3
Qd6 28. Nf2 Qd4 29. Nb5 Qc5 30. Nc3 Qd4 31. a3 a6 32. a4 b6 33. Ncd1 b5 34.
axb5 axb5 35. Ne3 Qb4 36. g4 hxg4 37. Nexg4 Qd6 38. Nxf6 Qxf6 39. Qxf6+ exf6
40. Ng4 Rd3 41. Nxf6 Rxb3 42. Kg2 Rb2+ 43. Kg3 Rb3+ 44. Kg4 Re3 45. Ne8+ Kf8
46. Nd6 Ke7 47. Nxf7 Rxe4+ 48. Kg5 Rf4 49. Rxf4 exf4 50. Ne5 f3 51. Nxf3 Kf7
52. Ne5+ Kg7 53. Nxg6 b4 54. Ne5 b3 55. Nd3 Kh7 56. h5 Kg7 57. h6+ Kh7 58. Kh5
Kg8 59. Kg6 Kh8 60. Ne5 1-0

[Event "Czech Chess Christmas 2016"]
[Site "?"]
[Date "2016.12.29"]
[Round "?"]
[White "Klima, Lukas"]
[Black "Cerveny, Petr"]
[Result "1/2-1/2"]
[WhiteElo "2356"]
[BlackElo "2300"]
[PlyCount "20"]

1. b3 Nf6 2. Bb2 e6 3. c4 b6 4. Nf3 Bb7 5. e3 c5 6. Be2 Be7 7. O-O O-O 8. Nc3
Nc6 9. d4 cxd4 10. Nxd4 Nxd4 1/2-1/2

[Event "Czech Chess Christmas 2016"]
[Site "?"]
[Date "2016.12.29"]
[Round "?"]
[White "Neuman, Petr"]
[Black "Chojnacki, Krzysztof"]
[Result "1/2-1/2"]
[WhiteElo "2420"]
[BlackElo "2368"]
[PlyCount "27"]

1. e4 e6 2. d4 d5 3. Nd2 c5 4. Ngf3 cxd4 5. Nxd4 Nc6 6. Bb5 Bd7 7. Nxc6 bxc6 8.
Bd3 Bd6 9. Qe2 Ne7 10. Nf3 Ng6 11. e5 Bc7 12. O-O O-O 13. Ng5 Qe8 14. Bf4
1/2-1/2

[Event "Czech Chess Christmas 2016"]
[Site "?"]
[Date "2016.12.29"]
[Round "?"]
[White "Malik, Jan"]
[Black "Starostits, Ilmars"]
[Result "1-0"]
[WhiteElo "2320"]
[BlackElo "2413"]
[PlyCount "129"]

1. e4 b6 2. d4 Bb7 3. Nc3 e6 4. Nf3 d6 5. Bd3 Nd7 6. O-O Ne7 7. Re1 g6 8. Bg5
Bg7 9. Qd2 h6 10. Be3 Nf6 11. h3 d5 12. Bf4 Rc8 13. e5 Nd7 14. a4 a6 15. Ne2 c5
16. c3 c4 17. Bc2 b5 18. axb5 axb5 19. Nh2 Qb6 20. b4 cxb3 21. Bxb3 Nc6 22. Ng4
Na5 23. Bc2 Nc4 24. Qc1 h5 25. Ne3 Qc6 26. Nxc4 Qxc4 27. Qb1 O-O 28. Bd3 Qc7
29. Qxb5 Ra8 30. Reb1 Bc6 31. Qb2 Rxa1 32. Qxa1 Ra8 33. Qb2 Bf8 34. Qc2 Ba4 35.
Qc1 Kh7 36. Bg5 Nb6 37. Qf4 Be8 38. g4 h4 39. Bxh4 Na4 40. Bxg6+ Kg8 41. Bd3
Bg7 42. Bf6 Bxf6 43. Qxf6 Nxc3 44. Qg5+ Kf8 45. Qh6+ Ke7 46. Nxc3 Qxc3 47. Rb7+
Kd8 48. Qf8 Qa3 49. Rb8+ Kc7 50. Qxa3 Rxa3 51. Rxe8 Rxd3 52. Re7+ Kc6 53. Rxf7
Rxd4 54. g5 Rh4 55. g6 Rh6 56. Rf6 Rh5 57. Rxe6+ Kc5 58. f4 Rxh3 59. Kg2 Rh4
60. Kf3 Rh3+ 61. Kg4 Rh1 62. Kf5 Rg1 63. Kf6 Kd4 64. g7 Ke4 65. Kf7 1-0

[Event "Czech Chess Christmas 2016"]
[Site "?"]
[Date "2016.12.29"]
[Round "?"]
[White "Houska, Bronislav"]
[Black "Vuelban, Virgilio"]
[Result "0-1"]
[WhiteElo "2000"]
[BlackElo "2298"]
[PlyCount "74"]

1. Nf3 d5 2. c4 c6 3. g3 Nf6 4. Bg2 Bf5 5. Qb3 Qb6 6. d3 e6 7. Qxb6 axb6 8. Nc3
h6 9. O-O Nbd7 10. cxd5 exd5 11. e4 Be6 12. Re1 dxe4 13. dxe4 Bc5 14. a3 Ng4
15. Nd1 b5 16. h3 Nge5 17. Nxe5 Nxe5 18. Be3 Bb4 19. Nc3 Bxc3 20. bxc3 Nc4 21.
Bd4 O-O 22. Bc5 Rfc8 23. Bf1 Nd2 24. Kg2 Nb3 25. Bd4 Nxa1 26. Rxa1 Bc4 27. Bxc4
bxc4 28. Kf3 Ra5 29. Ke3 Rd8 30. e5 Rad5 31. Rb1 b5 32. Rc1 f6 33. Ke4 fxe5 34.
Bxe5 Re8 35. f4 Rd3 36. Rh1 Re6 37. a4 Rd5 0-1

[Event "Czech Chess Christmas 2016"]
[Site "?"]
[Date "2016.12.29"]
[Round "?"]
[White "Nowak, Kamil"]
[Black "Richterova, Natasa"]
[Result "1-0"]
[WhiteElo "2301"]
[BlackElo "2199"]
[PlyCount "115"]

1. d4 d5 2. c4 c6 3. Nf3 Nf6 4. Nc3 e6 5. Bg5 Nbd7 6. e3 Qa5 7. Nd2 Bb4 8. Qc2
dxc4 9. Bxf6 Nxf6 10. Nxc4 Qd8 11. a3 Bxc3+ 12. Qxc3 O-O 13. Be2 Qe7 14. O-O
Re8 15. Rac1 Nd7 16. Rfd1 Nb6 17. Ne5 f6 18. Nf3 Nd5 19. Qb3 Kh8 20. e4 Nf4 21.
Bf1 e5 22. dxe5 fxe5 23. h3 Be6 24. Qc3 Bf7 25. g3 Nh5 26. Qe3 Nf6 27. Nh4 g6
28. Nf3 a6 29. Rc5 Nd7 30. Rxd7 Qxd7 31. Nxe5 Rxe5 32. Rxe5 Rd8 33. Qg5 Re8 34.
Kg2 Kg7 35. Rxe8 Qxe8 36. Qe3 Qe6 37. Qd4+ Kg8 38. Be2 Qb3 39. Bf3 b6 40. Bd1
Qb5 41. Ba4 Qc4 42. Qxc4 Bxc4 43. Bxc6 Kf8 44. Bd5 Bb5 45. e5 Ke7 46. h4 Be2
47. f3 a5 48. Kf2 Ba6 49. Ke3 Bc8 50. Kd4 Ba6 51. f4 Bb5 52. Kc3 h6 53. Bc4 Bc6
54. b4 axb4+ 55. Kxb4 Bd7 56. Bd5 Be8 57. Kc4 Bd7 58. Be4 1-0

[Event "Czech Chess Christmas 2016"]
[Site "?"]
[Date "2016.12.29"]
[Round "?"]
[White "Paul, Johannes"]
[Black "Jedlicka, Ales"]
[Result "1-0"]
[WhiteElo "2319"]
[BlackElo "2194"]
[PlyCount "83"]

1. c4 Nf6 2. Nf3 g6 3. Nc3 Bg7 4. e4 d6 5. d4 O-O 6. Be2 e5 7. Be3 exd4 8. Nxd4
Re8 9. f3 Nc6 10. O-O Nh5 11. Qd2 Nf4 12. Rf2 Nxd4 13. Bxd4 Bxd4 14. Qxd4 Qg5
15. Kh1 Ne6 16. Qd3 Nc5 17. Qd4 Ne6 18. Qd3 Bd7 19. Bf1 a5 20. Re1 Bc6 21. Qe3
Qxe3 22. Rxe3 Nc5 23. Rfe2 b6 24. Kg1 Re7 25. Nd5 Bxd5 26. exd5 Rxe3 27. Rxe3
Kf8 28. Kf2 f5 29. g3 Kf7 30. Bd3 Rb8 31. b3 Kf6 32. f4 b5 33. cxb5 Nxd3+ 34.
Rxd3 Rxb5 35. Ke3 Rc5 36. h4 h6 37. Kd4 g5 38. hxg5+ hxg5 39. Rc3 Rxc3 40. Kxc3
gxf4 41. gxf4 Kg6 42. a4 1-0